000 00352 a2200157 4500
001 50123
040 _cAnchieta - Bela Vista
100 _aAnchietinha Itaigara
240 1 0 _aO tĂșnel do tempo
_lpor
245 1 0 _aO tĂșnel do tempo
300 _a29
362 0 _a2009
440 1 _aAnchietinha Itaigara
650 4 _aLiteratura juvenil
942 _cBK
999 _c50123
_d50123